000
00340 a2200157 4500
001
57466
020
_a
8501063320
040
_c
Anchieta - Pituba
100
_a
Valero, María José
240
1
0
_a
Bichos monstruosos
_l
por
245
1
0
_a
Bichos monstruosos
300
_a
45
362
0
_a
2002
650
4
_a
Literatura juvenil
942
_c
BK
999
_c
57466
_d
57466